| 000 | 00502cam a2200193ua 4500 | ||
|---|---|---|---|
| 001 | 11820 | ||
| 005 | 20260515114813.0 | ||
| 008 | 191109n ii |||gr||||Z||||||eng | ||
| 020 | _a9788184574784 | ||
| 040 | _cMAIN | ||
| 082 | _a370 | ||
| 100 |
_aS.P Sharma . , _eAuthor. |
||
| 245 |
_aMoral and value education : _bprinciples and practices / _cBy S.P Sharma . |
||
| 250 | _a1st ed. | ||
| 260 |
_aNew Delhi: _bKanishk publishers, _c2013. |
||
| 300 | _a205p. | ||
| 653 | _aEducation | ||
| 942 | _cBK | ||
| 999 |
_c10602 _d10602 |
||